Votes for women (Record no. 2949)
[ view plain ]
| 000 -LEADER | |
|---|---|
| fixed length control field | 01157nam a22003614a 4500 |
| 001 - CONTROL NUMBER | |
| control field | ebr5001378 |
| 003 - CONTROL NUMBER IDENTIFIER | |
| control field | CaPaEBR |
| 005 - DATE AND TIME OF LATEST TRANSACTION | |
| control field | 20140310181745.0 |
| 006 - FIXED-LENGTH DATA ELEMENTS--ADDITIONAL MATERIAL CHARACTERISTICS--GENERAL INFORMATION | |
| fixed length control field | m u |
| 007 - PHYSICAL DESCRIPTION FIXED FIELD--GENERAL INFORMATION | |
| fixed length control field | cr cn||||||||| |
| 008 - FIXED-LENGTH DATA ELEMENTS--GENERAL INFORMATION | |
| fixed length control field | 990217s2000 enka sb 001 0 eng |
| 020 ## - INTERNATIONAL STANDARD BOOK NUMBER | |
| International Standard Book Number | 9780435327316 |
| 040 ## - CATALOGING SOURCE | |
| Original cataloging agency | CaPaEBR |
| Transcribing agency | CaPaEBR |
| 050 14 - LIBRARY OF CONGRESS CALL NUMBER | |
| Classification number | JN 979 |
| Item number | .C456 2001 |
| 082 04 - DEWEY DECIMAL CLASSIFICATION NUMBER | |
| Classification number | IB 324.6 |
| Item number | C36 2001 |
| 100 ## - MAIN ENTRY--PERSONAL NAME | |
| Personal name | Chandler, Malcolm |
| 245 00 - TITLE STATEMENT | |
| Title | Votes for women |
| Statement of responsibility, etc | Malcolm Chandler |
| 260 ## - PUBLICATION, DISTRIBUTION, ETC. (IMPRINT) | |
| Place of publication, distribution, etc | Oxford : |
| Name of publisher, distributor, etc | Heinemann Educational Publishers, |
| Date of publication, distribution, etc | c2001. |
| 300 ## - PHYSICAL DESCRIPTION | |
| Extent | 32 p. : |
| Dimensions | 27 cm. |
| 440 #0 - SERIES STATEMENT/ADDED ENTRY--TITLE | |
| Title | Women's and gender history. |
| 500 ## - GENERAL NOTE | |
| General note | A collection of 12 research papers by British and Australian women scholars. |
| 504 ## - BIBLIOGRAPHY, ETC. NOTE | |
| Bibliography, etc | Includes bibliographical references and index. |
| 590 ## - LOCAL NOTE (RLIN) | |
| Local note | Minimal level e-book record. |
| 650 #0 - SUBJECT ADDED ENTRY--TOPICAL TERM | |
| Topical term or geographic name as entry element | Suffragists |
| Geographic subdivision | Great Britain |
| General subdivision | History. |
| 650 #0 - SUBJECT ADDED ENTRY--TOPICAL TERM | |
| Topical term or geographic name as entry element | Women |
| General subdivision | Suffrage |
| Geographic subdivision | Great Britain |
| General subdivision | History. |
| 650 #0 - SUBJECT ADDED ENTRY--TOPICAL TERM | |
| Topical term or geographic name as entry element | Women's rights |
| Geographic subdivision | Great Britain |
| General subdivision | History. |
| 700 1# - ADDED ENTRY--PERSONAL NAME | |
| Personal name | Holton, Sandra Stanley. |
| 700 1# - ADDED ENTRY--PERSONAL NAME | |
| Personal name | Purvis, June. |
| 710 2# - ADDED ENTRY--CORPORATE NAME | |
| Corporate name or jurisdiction name as entry element | ebrary, Inc. |
| 730 0# - ADDED ENTRY--UNIFORM TITLE | |
| Uniform title | ebrary. |
| 776 1# - ADDITIONAL PHYSICAL FORM ENTRY | |
| Qualifying information | Original |
| Record control number | (DLC) 99010066. |
| 942 ## - ADDED ENTRY ELEMENTS (KOHA) | |
| Source of classification or shelving scheme | Library of Congress Classification |
| Koha item type | Books |
| Withdrawn status | Lost status | Source of classification or shelving scheme | Damaged status | Home library | Current library | Shelving location | Date acquired | Total Checkouts | Full call number | Barcode | Date last seen | Copy number | Price effective from | Koha item type |
|---|---|---|---|---|---|---|---|---|---|---|---|---|---|---|
| Library of Congress Classification | Luxembourg Library | Luxembourg Library | International Baccalaureate Section | 06/20/2013 | JN 979 .C456 2001 | 15518 | 08/13/2013 | 1 | 06/20/2013 | Books |